000 00532cam a2200181 4500500
005 20260329005426.0
041 _afre
042 _adc
100 1 0 _aLarmagnac-Matheron, Octave
_eauthor
245 0 0 _a“Mépris”
260 _c2023.
500 _a32
690 _aHumilité
690 _aMépris
690 _aRessentiment
786 0 _nPhilosophie magazine | 171 | 8 | 2023-07-01 | p. 47-47 | 1951-1787
856 4 1 _uhttps://shs.cairn.info/magazine-philosophie-magazine-2023-8-page-47?lang=fr&redirect-ssocas=7080
999 _c1843268
_d1843268